Satellite communications systems : (Record no. 590506)

000 -LEADER
fixed length control field 02287cam a2200421 i 4500
001 - CONTROL NUMBER
control field 21313516
003 - CONTROL NUMBER IDENTIFIER
control field NUST
005 - DATE AND TIME OF LATEST TRANSACTION
control field 20220722092252.0
006 - FIXED-LENGTH DATA ELEMENTS--ADDITIONAL MATERIAL CHARACTERISTICS
fixed length control field m |o d |
007 - PHYSICAL DESCRIPTION FIXED FIELD--GENERAL INFORMATION
fixed length control field cr |||||||||||
008 - FIXED-LENGTH DATA ELEMENTS--GENERAL INFORMATION
fixed length control field 191003s2020 nju ob 001 0 eng
010 ## - LIBRARY OF CONGRESS CONTROL NUMBER
LC control number 2019044959
020 ## - INTERNATIONAL STANDARD BOOK NUMBER
International Standard Book Number 9781119382126
Qualifying information (epub)
020 ## - INTERNATIONAL STANDARD BOOK NUMBER
International Standard Book Number 9781119382072
Qualifying information (adobe pdf)
020 ## - INTERNATIONAL STANDARD BOOK NUMBER
Canceled/invalid ISBN 9781119382089
Qualifying information (hardback)
040 ## - CATALOGING SOURCE
Original cataloging agency DLC
Language of cataloging eng
Transcribing agency DLC
Description conventions rda
Modifying agency DLC
041 1# - LANGUAGE CODE
Language code of text/sound track or separate title eng
Language code of original fre
042 ## - AUTHENTICATION CODE
Authentication code pcc
050 00 - LIBRARY OF CONGRESS CALL NUMBER
Classification number TK5104
082 00 - DEWEY DECIMAL CLASSIFICATION NUMBER
Classification number 621.3825, MAR
Edition number 23
100 1# - MAIN ENTRY--PERSONAL NAME
Personal name Maral, Gérard,
Relator term author.
9 (RLIN) 91567
240 10 - UNIFORM TITLE
Uniform title Systèmes de télecommunications par satellites.
Language of a work English
245 10 - TITLE STATEMENT
Title Satellite communications systems :
Remainder of title systems, techniques and technology /
Statement of responsibility, etc. Gérard Maral, Ecole Nationale Supérieure des Télécommunications, Site de Toulouse, France, Michel Bousquet, Ecole Nationale Supérieure de l'Aéronautique et de l'Espace (SUPAERO), Toulouse, France, Zhili Sun, University of Surrey, UK.
250 ## - EDITION STATEMENT
Edition statement Sixth edition.
264 #1 - PRODUCTION, PUBLICATION, DISTRIBUTION, MANUFACTURE, AND COPYRIGHT NOTICE
Place of production, publication, distribution, manufacture Hoboken, N.J. :
Name of producer, publisher, distributor, manufacturer John Wiley & Sons,
Date of production, publication, distribution, manufacture, or copyright notice 2020.
300 ## - PHYSICAL DESCRIPTION
Extent 1 online resource
336 ## - CONTENT TYPE
Content type term text
Content type code txt
Source rdacontent
337 ## - MEDIA TYPE
Media type term computer
Media type code c
Source rdamedia
338 ## - CARRIER TYPE
Carrier type term online resource
Carrier type code cr
Source rdacarrier
505 ## - FORMATTED CONTENTS NOTE
Formatted contents note Introduction (Page-1), Orbits and Related Issues (Page-29), Baseband Digital Signals, Packet Networks, and Quality of Service (QOS) (Page-113), Digital Communications Techniques (Page-135), Uplink, Downlink, and Overall Link Performance; Intersatellite Links (Page-189), Multiple Access (Page-275), Satellite Networks (Page-325), Earth Stations (Page-401), The Communication Payload (Page-479), The Platform (Page-573),Satellite Installation and Launch Vehicles (Page-659), The Space Environment (Page-721), Reliability and Availability of Satellite Communications Systems (Page-737).
650 #0 - SUBJECT ADDED ENTRY--TOPICAL TERM
Topical term or geographic name entry element Artificial satellites in telecommunication.
700 1# - ADDED ENTRY--PERSONAL NAME
Personal name Bousquet, Michel,
Relator term author.
9 (RLIN) 94496
700 1# - ADDED ENTRY--PERSONAL NAME
Personal name Sun, Zhili,
Relator term author.
9 (RLIN) 94497
776 08 - ADDITIONAL PHYSICAL FORM ENTRY
Relationship information Print version:
Main entry heading Maral, Gérard.
Title Satellite communications systems
Edition Sixth edition.
Place, publisher, and date of publication Hoboken, N.J. : John Wiley & Sons, 2020.
International Standard Book Number 9781119382089
Record control number (DLC) 2019044958
906 ## - LOCAL DATA ELEMENT F, LDF (RLIN)
a 7
b cbc
c orignew
d 1
e ecip
f 20
g y-gencatlg
942 ## - ADDED ENTRY ELEMENTS (KOHA)
Source of classification or shelving scheme
Koha item type Book
Holdings
Withdrawn status Lost status Source of classification or shelving scheme Damaged status Not for loan Permanent Location Current Location Shelving location Date acquired Full call number Barcode Date last seen Price effective from Koha item type Public note
          Military College of Signals (MCS) Military College of Signals (MCS) Reference 07/22/2022 621.3825,MAR MCS38704 03/04/2024 07/22/2022 Reference Almirah Fresh No.45, Shelf No.4
          Military College of Signals (MCS) Military College of Signals (MCS) General Stacks 08/29/2024 621.3825,MAR MCS38807 08/29/2024 08/29/2024 Book Almirah No.37, Shelf No.5
© 2023 Central Library, National University of Sciences and Technology. All Rights Reserved.